The best song book of all time
Nội dung CD bao gồm 16 ca khúc nổi tiếng hay nhất cảu cá tên tuổi lớn, các ca sĩ, ban nhạc lừng danh nhất thế giới.
Đã lưu trong:
| Format: | Bog |
|---|---|
| Sprog: | Undetermined |
| Udgivet: |
Tp.Hồ Chí Minh
Trẻ
2006
|
| Fag: | |
| Tags: |
Tilføj Tag
Ingen Tags, Vær først til at tagge denne postø!
|
| Thư viện lưu trữ: | Trung tâm Học liệu Trường Đại học Cần Thơ |
|---|
| LEADER | 00669nam a2200169Ia 4500 | ||
|---|---|---|---|
| 001 | CTU_141828 | ||
| 008 | 210402s9999 xx 000 0 und d | ||
| 082 | |a 781.63 | ||
| 082 | |b B561/Vol.2 | ||
| 245 | 4 | |a The best song book of all time | |
| 260 | |a Tp.Hồ Chí Minh | ||
| 260 | |b Trẻ | ||
| 260 | |c 2006 | ||
| 520 | |a Nội dung CD bao gồm 16 ca khúc nổi tiếng hay nhất cảu cá tên tuổi lớn, các ca sĩ, ban nhạc lừng danh nhất thế giới. | ||
| 650 | |a Popular music,Songs, english,Nhạc nổi tiếng,Nhạc tiếng Anh | ||
| 904 | |i Tuyến | ||
| 980 | |a Trung tâm Học liệu Trường Đại học Cần Thơ | ||